Statistics for Oman Country Quiz

Click here to take the quiz!

General Stats

  • This quiz has been taken 3,453 times
    (3,420 since last reset)
  • The average score is 17 of 24

Answer Stats

Hint Answer % Correct
Official languageArabic
99%
Countries that border OmanYemen
99%
Countries that border OmanSaudi Arabia
99%
State religionIbadi Islam
98%
Countries that border OmanUnited Arab
Emirates
97%
Most important exportOil
96%
Capital cityMuscat
92%
Oman was world's second-last
country to abolish this in 1970
Slavery
91%
Country that ruled Oman until 1951United Kingdom
91%
Seas and gulfs that border Oman{Persian} Gulf
90%
There are at least 465,500 nationals
from this country living in Oman
India
85%
Title of the Omani monarchSultan
80%
Seas and gulfs that border Oman{Arabian} Sea
76%
The "Khanjar" appearing on the
flag is a type of this weapon
Dagger
62%
Strait between Iran and OmanStrait of {Hormuz}
61%
African island that was once the
capital of Oman and the residence
of the Omani monarchs
Zanzibar
60%
Seas and gulfs that border OmanGulf of {Oman}
54%
Currency of OmanOmani Rial
50%
Oman produces 17% of this
perfume ingredient
{Frank}incense
50%
National birdFalcon
44%
Capital's name is also
the name of a type of this fruit
Grape
38%
Name either of the two biggest
cities after the capital
Seeb | Salalah
28%
Traditional vessel that starts with DDhow
27%
Monarch of Oman, 1970-2020Qaboos
27%

Score Distribution

Percentile by Number Answered

Percent of People with Each Score

Your Score History

You have not taken this quiz since the last reset